New toeic 4n4 (Four weeks for weakness) : 730 level
Sách gồm những tình huống trong kinh doanh: nghiên cứu, lập kế hoạch, và phát triển sản phẩm, mua bán,...và trong sinh hoạt hàng ngày: văn hóa ăn, mặc, ở và giải trí.
Đã lưu trong:
| 格式: | 圖書 |
|---|---|
| 語言: | Undetermined |
| 出版: |
Thành phố Hồ Chí Minh
Tổng hợp Thành phố Hồ Chí Minh
2009
|
| 主題: | |
| 標簽: |
添加標簽
沒有標簽, 成為第一個標記此記錄!
|
| Thư viện lưu trữ: | Trung tâm Học liệu Trường Đại học Cần Thơ |
|---|
| LEADER | 01106nam a2200241Ia 4500 | ||
|---|---|---|---|
| 001 | CTU_147996 | ||
| 008 | 210402s9999 xx 000 0 und d | ||
| 020 | |c 96000 | ||
| 082 | |a 428.0076 | ||
| 082 | |b N532 | ||
| 245 | 0 | |a New toeic 4n4 (Four weeks for weakness) : | |
| 245 | 0 | |b 730 level | |
| 245 | 0 | |c Nguyễn Thành Yến chuyển ngữ | |
| 260 | |a Thành phố Hồ Chí Minh | ||
| 260 | |b Tổng hợp Thành phố Hồ Chí Minh | ||
| 260 | |c 2009 | ||
| 520 | |a Sách gồm những tình huống trong kinh doanh: nghiên cứu, lập kế hoạch, và phát triển sản phẩm, mua bán,...và trong sinh hoạt hàng ngày: văn hóa ăn, mặc, ở và giải trí. | ||
| 650 | |a English language,English language,Ngôn ngữ Anh,Ngôn ngữ Anh | ||
| 650 | |x Textbooks for foreign speakers,Sách dành cho người nước ngoài | ||
| 904 | |i Trọng Hải | ||
| 910 | |a Sách kèm đĩa MP3: AVA.000523; AVA.000524; AVA.000525 | ||
| 915 | |a 400 | ||
| 980 | |a Trung tâm Học liệu Trường Đại học Cần Thơ | ||